The twelve months volunteer ; or journal of a private, in the Tennessee regiment of cavalry, in the campaign in Mexico, 1846-7; including a complete history of the war with Mexico, embellished with correct engravings, from drawings by the author (Record no. 3647)

MARC details
000 -CABECERA
campo de control de longitud fija 00976nam a2200229 a 4500
001 - NÚMERO DE CONTROL
campo de control BRCA_3920
005 - FECHA Y HORA DE LA ÚLTIMA TRANSACCIÓN
campo de control 20190320204457.0
008 - DATOS DE LONGITUD FIJA--INFORMACIÓN GENERAL
campo de control de longitud fija 100110s1857----u--a######---#000-0#eng-#
041 ## - CÓDIGO DE LENGUA
Código de lengua del texto/banda sonora o título independiente eng
044 ## - CÓDIGO DEL PAÍS DE LA ENTIDAD EDITORA/PRODUCTORA
Código MARC del país u
050 #4 - SIGNATURA TOPOGRÁFICA DE LA BIBLIOTECA DEL CONGRESO
Número de clasificación E405.1
Número de documento/Ítem .F98 1857
100 1# - ENTRADA PRINCIPAL--NOMBRE DE PERSONA
Nombre de persona Furber, George C.
9 (RLIN) 10194
245 10 - MENCIÓN DE TÍTULO
Título The twelve months volunteer ; or journal of a private, in the Tennessee regiment of cavalry, in the campaign in Mexico, 1846-7; including a complete history of the war with Mexico, embellished with correct engravings, from drawings by the author
Mención de responsabilidad, etc. by George C. Furber of Company G.
260 ## - PUBLICACIÓN, DISTRIBUCIÓN, ETC.
Lugar de publicación, distribución, etc. Cincinnati
Nombre del editor, distribuidor, etc. s.e.
Fecha de publicación, distribución, etc. 1857
300 ## - DESCRIPCIÓN FÍSICA
Extensión 640 p.
Otras características físicas il., 23 láminas, 1 mapa, planiferio
Dimensiones 24 cm.
500 ## - NOTA GENERAL
Nota general Incluye apéndice: p. 615-624 e índice de ilustraciones p. ix.
500 ## - NOTA GENERAL
Nota general C70
651 #4 - PUNTO DE ACCESO ADICIONAL DE MATERIA--NOMBRE GEOGRÁFICO
Nombre geográfico México
Subdivisión de forma Historia
Subdivisión cronológica Guerra con Estados Unidos, 1845-1848
9 (RLIN) 10098
651 #4 - PUNTO DE ACCESO ADICIONAL DE MATERIA--NOMBRE GEOGRÁFICO
Nombre geográfico Estados Unidos
Subdivisión de forma Historia
Subdivisión cronológica Guerra con México, 1845-1848
9 (RLIN) 10099
902 ## - CATALOGADOR
Iniciales GFM
942 ## - ELEMENTOS DE PUNTO DE ACCESO ADICIONAL (KOHA)
Fuente del sistema de clasificación o colocación Library of Congress Classification
Tipo de ítem Koha Libros
Holdings
Estado de retiro Estado de pérdida Estado dañado No para préstamo Localización permanente Ubicación/localización actual Fecha de adquisición Número de inventario Total de préstamos Signatura topográfica completa Código de barras Fecha visto por última vez Precio válido a partir de Tipo de ítem Koha
El ejemplar forma parte de la colección y puede ser consultado según las políticas vigentes.       Biblioteca del Museo Franz Mayer (Rogerio Casas-Alatriste) Biblioteca del Museo Franz Mayer (Rogerio Casas-Alatriste) 10/01/2010 C70   E405.1 .F98 1857 (C70) 3917 22/03/2019 22/03/2019 Libros